The spanish dependencies in South America. An introduction to the history of their civilization. By Bernard Moses, Ph. D., LL.D. In two volumes

Tallennettuna:
Bibliografiset tiedot
Päätekijä: Moses, Bernard (Tekijä)
Aineistotyyppi: Kirja
Kieli:englanti
Julkaistu: Londres Harper & Brothers 1914
Painos:1a. ed
Aiheet:
Tagit: Lisää tagi
Ei tageja, Lisää ensimmäinen tagi!

MARC

LEADER 00000nam a2200000 a 4500
001 UCJ6526
003 CL-VaPUC
008 070124e19140000UK |||||||||||||||||eng|d
082 0 4 |a 980  |b MOS  |2 21 
100 0 |a Moses, Bernard  |e author  |9 513317 
245 1 4 |a The spanish dependencies in South America. An introduction to the history of their civilization. By Bernard Moses, Ph. D., LL.D. In two volumes 
250 |a 1a. ed 
300 |a 2 v 
942 |c BK 
945 |d 20070124 00:00:00  |a rinostro 
260 |a Londres  |b Harper & Brothers  |c 1914 
600 0 7 |a NUÑEZ DE BALBOA, VASCO  |2 CL-VaPUC  |9 444801 
600 0 7 |a LAS CASAS, BARTOLOME DE  |2 CL-VaPUC  |9 350359 
600 0 7 |a SERPA, DIEGO FRANCISCO DE  |2 CL-VaPUC  |9 513318 
600 0 7 |a ORDAZ, DIEGO DE  |2 CL-VaPUC  |9 513319 
600 0 7 |a PIZARRO, FRANCISCO  |2 CL-VaPUC  |9 446370 
600 0 7 |a ALMAGRO, DIEGO DE  |2 CL-VaPUC  |9 268479 
600 0 7 |a VALDIVIA, PEDRO DE  |2 CL-VaPUC  |9 317024 
650 0 |a Colonización española  |9 256592 
650 0 |a Derecho colonial español   |9 255181 
650 0 |a Descubrimientos geográficos  |9 331933 
650 0 |a Comercio  |9 255341 
650 0 |a Aborígenes  |9 329972 
650 0 |a Esclavos  |9 258558 
650 7 |a NEGROS  |2 CL-VaPUC  |9 340345 
650 7 |a INSTITUCIONES  |2 CL-VaPUC  |9 329701 
650 7 |a PIRATAS  |2 CL-VaPUC  |9 317855 
650 7 |a CORSARIOS  |2 CL-VaPUC  |9 317856 
650 0 |a Recursos naturales  |9 255232 
650 0 |a Minería  |9 326008 
650 7 |a ORO  |2 CL-VaPUC  |9 324927 
650 7 |a HOLANDESES  |2 CL-VaPUC  |9 504311 
650 0 |a Iglesia Católica  |9 256114 
650 0 |a Misioneros  |9 324171 
651 0 |a América Latina   |9 255027 
583 |a last modification  |c 20070124 00:00:00  |k Rodrigo Vera 
999 |c 322629  |d 322627 
952 |0 0  |1 0  |4 0  |6 980_000000000000000_MOS_1914  |7 0  |8 X  |9 401671  |a FDOBUD  |b FDOBUD  |d 2019-11-22  |h v.1  |i 1049135  |o 980 MOS 1914  |p 1049135  |r 2019-11-22  |w 2019-11-22  |y BK_X  |k BUD 
952 |0 0  |1 0  |4 0  |6 980_000000000000000_MOS_1914  |7 0  |8 X  |9 401672  |a FDOBUD  |b FDOBUD  |d 2019-11-22  |h v.2  |i 1049143  |o 980 MOS 1914  |p 1049143  |r 2019-11-22  |w 2019-11-22  |y BK_X  |k BUD